00419 a2200145 4500001000700000020001800007040002200025041001600047082002400063100003200087245010100119260003200220300000800252362001300260134875 a85-325-1334-4 cLeonardo Da Vinci aPortuguês a869.93 C328cbC328c aCARVALHO, José Candido de aOlha para o céu, Frederico!bromance acontecido em Campos dos Goitacases nos dias do Gramofone bRoccoc2002aRio de Janeiro a119 a20020000